| 000 | 01042nam a22002537a 4500 | ||
|---|---|---|---|
| 005 | 20170123164153.0 | ||
| 010 | _aB-125110 | ||
| 020 |
_c200.00 _a9788172053048 |
||
| 035 | _aB-125110 | ||
| 037 | _aCen Lib / Ret | ||
| 040 |
_aDPL _bPN |
||
| 082 |
_a260.2 _bਪਿਆਰਾ |
||
| 100 |
_aਪਿਆਰਾ ਸਿੰਘ ਪਦਮ _951202 |
||
| 245 |
_aਸ੍ਰੀ ਗੁਰੂ ਗ੍ਰੰਥ ਪ੍ਰਕਾਸ਼ / _cਪਿਆਰਾ ਸਿੰਘ ਪਦਮ |
||
| 246 |
_aSri guru granth prakash : a comprehensive study of the sikh scripture / _bby Piara Singh Padam |
||
| 260 |
_aਅੰਮ੍ਰਿਤਸਰ _bਸਿੰਘ ਬਦਰਜ਼ _c2004 |
||
| 270 |
_aਬਜ਼ਾਰ ਮਾਈ ਸੇਵਾਂ _bਅੰਮ੍ਰਿਤਸਰ _e143006 |
||
| 300 |
_a295p. _c22cm(Hb) |
||
| 650 |
_aਪੰਜਾਬੀ ਸਾਹਿਤ _y _9141324 |
||
| 650 |
_aਸਿਖ -- ਧਰ੍ਮ _93671 |
||
| 650 |
_aLiterature -- punjabi _9141325 |
||
| 650 |
_aPunjabi -- religion _99921 |
||
| 942 |
_2ddc _cPN _h260.2 _mਪਿਆਰਾ |
||
| 999 |
_c110523 _d110523 |
||